000 00512nam a22001457a 4500
005 20250915121951.0
008 250829b |||||||| |||| 00| 0 eng d
100 _aChepngeno, Korir Grace
245 _aAPPRAISAL OF THE MANUAL HUMAN RESOURCE RECORDS KEEPING SYSTEMS AT TELKOM KENYA:A CASE OF THE CENTRAL RIFT VALLEY REGION
260 _aKISII UNIVERSITY,
_bKISII UNIVERISTY PRESS,
_c2005,
300 _aiX, 50 P, iLL
500 _aIncludes bibliographical references
650 _aBusiness
942 _2lcc
_cREF
999 _c216053
_d216053